The Ultimate Sound of Music Quiz Stats

Quiz not verified by Sporcle

Challenge
Share
Tweet
Embed
Score 0/58 Timer 15:00
0 Plays Today
Clue Answer % Correct
Main Female CharacterMaria von Trapp
99.3%
Played ByJulie Andrews
96.5%
Main Male CharacterGeorg von Trapp
89.2%
Main Male Character's Best FriendMax Detweiler
79.3%
Played ByChristopher Plummer
78.5%
1st Child (eldest)Liesl von Trapp
77.9%
Opening SongThe Sound of Music
73.8%
Country where the story takes placeAustria
73%
Song in BedroomMy Favorite Things
71.3%
Main Male Character's BetrothedBaroness Elsa Schrader
70.7%
4th ChildKurt von Trapp
69.6%
Song by Liesl and RolfSixteen Going on Seventeen
68.6%
6th ChildMarta von Trapp
67.6%
7th ChildGretl von Trapp
67.5%
3rd ChildLouisa von Trapp
66.9%
Song around Salzburg Do Re Mi
66.2%
Mother Abbess SongClimb Every Mountain
64.3%
Puppet SongThe Lonely Goatherd
63.9%
Guitar/Lounge SongEdelweiss
63.3%
Song from the Abbey to the VillaI Have Confidence
62.9%
Party SongSo Long Farewell
62.7%
5th ChildBrigitta von Trapp
62.6%
1st song in AbbeyMaria
62.6%
True/False? TSOM won best picture?True
61.6%
True/False? Christopher Plummer's voice is dubbedTrue
60.8%
2nd ChildFriedrich von Trapp
59.3%
Love SongSomething Good
56.2%
Year of Release1965
53.9%
True/False? The villa is all one house?False
53.7%
Clue Answer % Correct
During which song does the real Maria von Trapp have a cameo?I Have Confidence
28.8%
Played ByCharmian Carr
28.7%
LyricistOscar Hammerstein
24%
ComposerRichard Rodgers
22.2%
Played ByEleanor Parker
21.7%
DirectorRobert Wise
21.5%
Played ByAngela Cartwright
21%
Played ByKym Karath
21%
Played ByNicholas Hammond
19.4%
Played ByHeather Menzies
19.3%
Played ByRichard Haydn
18.4%
Broadway MariaMary Martin
18%
Casting Marni Nixon as a nun in TSOM was controversial because she dubbed the role of _______ in the movie version when Andrews originated the role on BroadwayEliza Doolittle
17.6%
What sarcastic nickname did Plummer give to TSOM?The Sound of Mucus
17.4%
This actress nearly drowned during the filming of the boat sceneKym Karath
16.9%
Played ByDuane Chase
16.6%
Played ByDebbie Turner
16.5%
Mother Abbess is played byPeggy Wood
16.1%
Song 2 sung by Max and ElsaHow Can Love Survive
11.1%
Broadway Love SongAn Ordinary Couple
10.6%
Song 1 sung by Max and ElsaNo Way to Stop It
8.8%
Rolf is Played by Daniel Truhitte
8.1%
Broadway CaptainTheodore Bikel
6.8%
This TSOM actress filmed her major scene in an ankle wrapCharmain Carr
6.5%
Herr Zeller is Played byBen Wright
6.2%
Movie ChoreographerDeedee Wood
5.3%
From eldest to youngest, what are the names of the real (seven) von trapp children?Rupert, Agathe, Maria, Werner, Hedwig, Johanna, Martina
2.6%
From eldest to youngest, what are the names of the (three) children of Maria and Georg?Rosmarie, Eleonore, Johannes
2.4%
What is the address of the von Trapp villa (in the movie)?53 Aigen
1.4%

You're not logged in!

Compare scores with friends on all Sporcle quizzes.
Join for Free
OR
Log In

You Might Also Like...

Show Comments

Extras

Created Jul 13, 2010ReportNominate
Tags:level, sound, ultimate

Top Quizzes Today


Score Distribution

Your Account Isn't Verified!

In order to create a playlist on Sporcle, you need to verify the email address you used during registration. Go to your Sporcle Settings to finish the process.

Report this User

Report this user for behavior that violates our Community Guidelines.

Details: